| 000 | 00859nas a2200289 4500 | ||
|---|---|---|---|
| 001 | BR0402638 | ||
| 003 | BR-BrBNA | ||
| 005 | 20231205104543.0 | ||
| 007 | ta | ||
| 008 | 230509b bl.|||p| |||| 00| 00por d | ||
| 040 |
_aBR-BrBNA _bpor _cBiblioteca Nacional de Agricultura |
||
| 041 | _a(Pt) | ||
| 072 | _aF03 | ||
| 100 | 1 | _aEi Tassa-Colodel, S.O.M. | |
| 100 | 1 | _aAhrens, D.C. | |
| 100 | 1 | _aDoni Filho, L. | |
| 100 | 1 | _aBarros, A.S. do R. | |
| 245 | 1 | _aQualidade de sementes de milho nas secagens intermitente rápida e contínua com altas temperaturas | |
| 650 | _aMILHO | ||
| 650 | _aGERMINAÇÃO | ||
| 650 | _aTESTE DE VIGOR | ||
| 650 | _aSECAGEM | ||
| 650 | _aVELOCIDADE | ||
| 773 | 0 |
_tScientia Agraria (Brazil) _xISSN 1519-1125 _g(2001), v. 2(1-2) p. 31-38 _wBR0402638 |
|
| 909 |
_a202311 _bLúcia _c55 _dLúcia Elande |
||
| 942 |
_2AGRIS _n0 _cANA |
||
| 999 |
_c178690 _d178690 |
||